Mechanics of solids and fluids (Record no. 17474)

000 -LEADER
fixed length control field 00457nam a22001817a 4500
001 - CONTROL NUMBER
control field 17474
003 - CONTROL NUMBER IDENTIFIER
control field BD-DhUET
008 - FIXED-LENGTH DATA ELEMENTS--GENERAL INFORMATION
fixed length control field 150324b xxu||||| |||| 00| 0 eng d
040 ## - CATALOGING SOURCE
Transcribing agency 0
Modifying agency BD-DhUET
082 ## - DEWEY DECIMAL CLASSIFICATION NUMBER
Classification number 620.1
Item number LON/1961
100 ## - MAIN ENTRY--PERSONAL NAME
Personal name Long, Robert R.
245 ## - TITLE STATEMENT
Title Mechanics of solids and fluids
250 ## - EDITION STATEMENT
Edition statement 1st ed.
260 ## - PUBLICATION, DISTRIBUTION, ETC. (IMPRINT)
Place of publication, distribution, etc. New Delhi
Name of publisher, distributor, etc. Prentice-Hall International
Date of publication, distribution, etc. 1961
300 ## - PHYSICAL DESCRIPTION
Extent x, 156 p.
Other physical details ill.
650 #0 - SUBJECT ADDED ENTRY--TOPICAL TERM
Topical term or geographic name as entry element Applied mechanics
942 ## - ADDED ENTRY ELEMENTS (KOHA)
Koha item type General Book
Holdings
Koha full call number Damaged status Location (home branch) Lost status Koha normalized classification for sorting Date acquired Koha item type Withdrawn status Piece designation (barcode) Source of classification or shelving scheme Sublocation or collection (holding branch) Shelving location Not for loan Koha date last seen Copy number Price effective from
620.1/LON/1961 Central Library, BUET 620_100000000000000_LON_19612015-03-24General Book 20545 Central Library, BUETCirculation section 2015-03-2412015-03-24
620.1/LON/1961 Central Library, BUET 620_100000000000000_LON_19612015-03-24General Book 7184 Central Library, BUETCirculation section 2015-03-2422015-03-24
620.1/LON/1961 Central Library, BUET 620_100000000000000_LON_19612015-03-24General Book 20026 Central Library, BUETCirculation section 2015-03-2432015-03-24
620.1/LON/1961 Central Library, BUET 620_100000000000000_LON_19612015-07-26General Book 5734 Central Library, BUETCirculation section 2015-07-2642015-07-26